| 000 | 00590nam a2200229 a 4500 | ||
|---|---|---|---|
| 001 | nice12345678 | ||
| 003 | IN_TiNIC | ||
| 005 | 20260116011305.0 | ||
| 008 | 050524s1925 laha grp 000 0 urd | ||
| 020 |
_a _c100 |
||
| 082 | 0 | 0 |
_a297.4 _bSHA26 |
| 100 | _aShah, Mohd Per | ||
| 245 | _aNizamut Tawheed and Other Sufi Writings | ||
| 260 |
_aLahore _bAllah Waaley Ki Qawmi Dukaan _c1925 |
||
| 500 | _aincludes index and biblioraphy | ||
| 505 | 2 | _a4 Volume Bound in One Book | |
| 650 | _aSufism-Tract | ||
| 700 | 1 | _aShah, Mohd Per | |
| 902 | _bSRS | ||
| 942 | _cBK | ||
| 999 |
_c207 _d207 |
||